| 000 | 00463nam a22001697a 4500 | ||
|---|---|---|---|
| 005 | 20251126181521.0 | ||
| 008 | 251120b |||||||| |||| 00| 0 eng d | ||
| 020 | _a978-81-929042-6-9 | ||
| 041 | _aeng | ||
| 082 | _a615.1 VAR-T | ||
| 100 |
_aVARUN, DR.D _98755 |
||
| 245 | _aA TREATISE ON PHARMACEUTICAL REGULATORY AFFAIRS & QUALITY MANAGEMENT [ VOL-1] | ||
| 260 |
_aHYDERABAD _bTAURUS PUBLISHERS _c2025 |
||
| 300 | _a619;P | ||
| 650 | _aPHARMACY | ||
| 942 | _cBK | ||
| 999 |
_c8927 _d8925 |
||